00973nabaa22002057a 4500003000400000005001700004008004100021040000700062100003000069245012500099300001500224500003700239505017500276505008900451650002700540650003300567650002400600650002300624773012000647OSt20260125194256.0190701b xxu||||| |||| 00| 0 spa d cPJ aStupenengo, Juan Antonio 10aReformas introducidas por la Ley de Bases en materia de ejecución del acto administrativo /cJuan Antonio Stupenengo.  ap. 110-123 aCita: TR LALEY AR/DOC/2168/2024  aSumario: I. Introducción. Reformas introducidas por la Ley de Bases en materia de ejecución, administrativa y judicial, del acto administrativo.— II. Conclusiones.  t¿Te interesa el texto completo? Comunicate al correo: koha@justierradelfuego.gov.ar 0aDERECHO ADMINISTRATIVO 0aPROCEDIMIENTO ADMINISTRATIVO 0aACTO ADMINISTRATIVO 0aREFORMA DEL ESTADO0 02842dBuenos Aires : AbeledoPerrot, 2012-oDA121tDerecho administrativo. Nº 155 septiembre/octubre 2024z18510590